Statistics for Ten Highest HDI Countries in Asia

Click here to take the quiz!

General Stats

  • This quiz has been taken 49,190 times
    (39,554 since last reset)
  • The average score is 8 of 10

Answer Stats

HDICountry% Correct
0.925Japan
97%
0.939Singapore
93%
0.925South Korea
93%
0.911United Arab Emirates
82%
0.855Qatar
80%
0.916Taiwan
78%
0.919Israel
73%
0.875Saudi Arabia
73%
0.875Bahrain
66%
0.896Cyprus
34%

Score Distribution

Percentile by Number Answered

Percent of People with Each Score

Your Score History

You have not taken this quiz since the last reset